<?xml version="1.0" encoding="UTF-8"?>
<marc:record xmlns:marc="http://www.loc.gov/MARC21/slim">
   <marc:leader>00000nam a2200000 a 4500</marc:leader>
   <marc:datafield ind1="1" ind2=" " tag="100">
      <marc:subfield code="a">Hollingsworth, Mary</marc:subfield>
      <marc:subfield code="4">edt</marc:subfield>
      <marc:subfield code="e">Bearbeiter/-in</marc:subfield>
   </marc:datafield>
   <marc:datafield ind1=" " ind2=" " tag="653">
      <marc:subfield code="a">Softcover / Belletristik/Anthologien</marc:subfield>
   </marc:datafield>
   <marc:datafield ind1=" " ind2=" " tag="653">
      <marc:subfield code="a">Erzählende Literatur: Anthologien</marc:subfield>
   </marc:datafield>
   <marc:datafield ind1="0" ind2="0" tag="245">
      <marc:subfield code="a">Das Weihnachtslächeln und andere wahre Geschichten, die das Herz berühren</marc:subfield>
   </marc:datafield>
   <marc:datafield ind1="0" ind2="0" tag="245">
      <marc:subfield code="c">Mary Hoolingsworth (Hrsg.). Aus dem Engl. übers. von Maria Leicht-Rombouts</marc:subfield>
   </marc:datafield>
   <marc:datafield ind1=" " ind2="1" tag="264">
      <marc:subfield code="a">Asslar</marc:subfield>
      <marc:subfield code="b">GerthMedien</marc:subfield>
      <marc:subfield code="c">2012</marc:subfield>
   </marc:datafield>
   <marc:datafield ind1=" " ind2=" " tag="250">
      <marc:subfield code="a">1. Aufl.</marc:subfield>
   </marc:datafield>
   <marc:datafield ind1="1" ind2=" " tag="520">
      <marc:subfield code="a">Angaben aus der Verlagsmeldung

Das Weihnachtslächeln : Und andere wahre Geschichten, die das Herz berühren.

Weihnachten ist die Zeit des Staunens. Eine Zeit, in der besondere Dinge passieren, in der Menschen einander näherkommen und in der Gottes Liebe begreifbar wird. Diese Sammlung wahrer Geschichten lässt Sie an Weihnachtswundern teilhaben, die tatsächlich passiert sind. Lesen Sie die Geschichte von der alleinerziehenden Mutter, die kein Geld für das Nötigste hat und völlig unverhofft beschenkt wird. Vom Engel, der zum Lebensretter wurde, vom gerissenen Weihnachtsdieb und von der überwältigenden Antwort auf ein mutiges Gebet. Diese Sammlung enthält 36 bewegende Geschichten, die den Wunsch entfachen, unser Herz für andere zu öffnen. Um gemeinsam die Hoffnung zu feiern, die das Weihnachtsfest für uns bereithält.
</marc:subfield>
   </marc:datafield>
   <marc:datafield ind1=" " ind2=" " tag="020">
      <marc:subfield code="a">9783865917195</marc:subfield>
      <marc:subfield code="9">9783865917195</marc:subfield>
   </marc:datafield>
   <marc:datafield ind1=" " ind2=" " tag="041">
      <marc:subfield code="a">ger</marc:subfield>
   </marc:datafield>
   <marc:datafield ind1=" " ind2=" " tag="300">
      <marc:subfield code="a">220 S.</marc:subfield>
   </marc:datafield>
</marc:record>
